00329nam a2200133Ia 4500003000400000008004100004040001600045082001600061100001600077245003200093260004200125300001200167650001600179GCL140319s9999 xx 000 0 eng d aGCL / cGCL04a709.47bA R1 aREAU, LOUIS10aL'ART RUSSE / cREAU, LOUIS a[S.N] : bLIBRARIE LAROUSSE ، c1995 a136 P P04aART, RUSSIA